000 00999nam1a22002411i 4500
001 rc\3488929
005 20240726084436.0
035 _a(NLR Aleph) 007606029
090 _a5765813
_c5765813
100 _a20130115d1969 |||y0rusy50 ca
101 0 _arus
102 _aRU
105 _ay a |||||
200 1 _aВ.И. Ленин и печати
_e(Материалы к библиографии)
_eВып. 2
_fЛенингр. ордена Ленина и ордена Трудового Красного Знамени гос. ун-т им. А.А. Жданова. Фак. журналистики
210 _aЛенинград
_cБ. и.
_d1969
215 _d20
532 1 0 _aВладимир Ильич Ленин и печати
700 1 _aБережной
_bА.Ф.
_gАлександр Федосеевич
_4220
702 1 _aЛенин
_bВ.И.
_gВладимир Ильич
_4570
801 0 _aRU
_bNLR
_gpsbo
801 1 _aRU
_bELAR
_2rusmarc
852 _aNLR
_jШифры разные
942 _cBOOK